00984 2200277 4500001002100000005001500021035002000036007000300056008004100059020002200100082001000122084001600132100003000148245019900178260006200377300003600439500001100475500006400486650003000550700002200580700002100602700003000623504003100653990001100684990001100695INLIS00000000000333120190609010555 a0010-0619000080ta190609 g 0 ind  a978-602-5562-09-9 a577.5 a577.5 SRI i0 aSRI, Nurhayati Qodriyatun1 aIndikator Kesejateraan, Indikator Keberlanjutan Lingkungan Hidup dan Implementasinya di Indonesia /cSri Nurhayati Qodriyatun, Anih Sri Suryani, Rahmi Yuningsih; editor, Herdianto Wahyu Kustiadi aJakarta :bPusat Penelitian badan Keahlian DPR RI,c[s.a] aix, 148 hlm. :bilus. ;c24 cm. aIndeks aPenerbit bekerjasama dengan Inteligensia Intrans Publishing 4aEKOLOGI. LINGKUNGAN HIDUP0 aANIH, Sri Suryani0 aRAHMI, Yuningsih0 aHERDIANTO, Wahyu Kustiadi aBibliografi : hlm. 143-144 a6756 a a6756 b